000 00552nam a2200193 a 4500
001 1773825712617
003 YourLibrary
005 20260318145348.0
008 260318s2010##################000#0#eng##
020 _a9781605662848
082 0 4 _a362.1068
_bSAI
100 1 _aSaito, Murako,
_eauthor.
245 1 0 _aRedesigning Innovative Healthcare Operation and the Role of Knowledge Management :
260 _bIGI Global Snippet,
_c2010.
300 _a296 pages
650 0 _aMedical.
942 _cENGLISH
040 _aYourLibrary
_beng
_cYourLibrary
999 _c617908
_d617908